| 000 | 03703nam0a2200397 4500 | ||
|---|---|---|---|
| 001 | RU\NLR\BIBL_A\022031102 | ||
| 005 | 20231117113721.0 | ||
| 010 |
_a978-5-02-041517-1 _9300 |
||
| 021 |
_aRU _bКН-П-23-052560 _9КН-П-23-5274 |
||
| 035 | _a(NLR Aleph) 022031102 | ||
| 035 | _a(RuMoRGB)012032289 | ||
| 090 |
_a12540374 _c12540374 |
||
| 100 | _a20230920d2023 k y0rusy50 ca | ||
| 101 | 0 | _arus | |
| 102 | _aRU | ||
| 105 | _aa z 000zy | ||
| 181 | 0 |
_ai _baxxe |
|
| 182 | 0 | _an | |
| 200 | 1 |
_aНаучно-практические основы совершенствования технологии содержания табунных лошадей _dScientific and practical bases for improving the tehnolkgy of keeping herd horses _fЛ. Н. Владимиров, Н. Т. Винокуров, В. А. Мачахтырова [и др. _gАкадемия наук Республики Саха (Якутия), Федеральный исследовательский центр "Якутский научный центр Сибирского отделения Российской академии наук", Обособленное подразделение ЯНЦ СО РАН Якутский научно-исследовательский институт сельского хозяйства имени М. Г. Сафронова] _zeng |
|
| 203 |
_aТекст _bвизуальный _cнепосредственный |
||
| 210 |
_aНовосибирск _cНаука _d2023 |
||
| 215 |
_a102, [1] с., [2] л. цв. ил. _cил., табл. _d22 |
||
| 300 | _aАвт. также на англ. яз.: L. N. Vladimirov, N. T. Vinokurov, V. A. Machakhtyrova [et al.] | ||
| 320 | _aБиблиогр.: с. 91-101 | ||
| 330 | _aВ монографии изложены результаты многолетних научных исследований, производственных испытаний по повышению кондиционной устойчивости табунных лошадей, оценке и методу отбора племенных кобыл, выращиванию племенного молодняка. Рассмотрены особенности внедрения усовершенствованной технологии табунного коневодства как основного элемента интенсификации отрасли для создания территориальной модели интегрированных структур в табунном коневодстве Республики Саха (Якутия). Книга предназначена для специалистов в области коневодства, зоотехников, студентов ветеринарных и сельскохозяйственных факультетов вузов | ||
| 510 | 1 |
_6z11790 _aScientific and practical bases for improving the tehnolkgy of keeping herd horses _zeng |
|
| 606 | 1 |
_aТабунное коневодство _yСаха (Якутия), Республика _2nlr_sh1 _2nlr_sh2 _3RU\NLR\AUTH\661409159 |
|
| 675 |
_a636.1 _v4 |
||
| 686 | 1 | _aП611-41(2Р54-6Я) | |
| 700 | 1 |
_aВладимиров _bЛ.Н. _cд-р биол. наук _f1959- _gЛеонид Николаевич _3RU\NLR\AUTH\7720415 |
|
| 701 | 1 |
_aВинокуров _bН. Т. _gНиколай Тимофеевич |
|
| 701 | 1 |
_aМачахтырова _bВ. А. _gВарвара Анатольевна |
|
| 790 | 1 |
_6z11510 _aVladimirov _bL. N. _cд-р биол. наук _f1959- _gLeonid Nikolaevič _3RU\NLR\AUTH\7735751 |
|
| 942 | _cBOOK | ||
| 980 | _aNB | ||